Perintah-perintah am bab "A" - bab "G" : (hingga 1hb Jun 2001)

Bibliographic Details
Corporate Author: MALAYSIA
Format: Book
Published: Kuala Lumpur : International Law Book Services , 2001
Series:Undang-undang Malaysia
Subjects:

MARC

LEADER 00000cam a2200000 7i4500
001 0000001921
005 20020430.0
020 0 0 |a 9678908956 
090 0 0 |a 354.595001   |b MAL 2001 
110 1 0 |a MALAYSIA 
245 1 0 |a Perintah-perintah am bab "A" - bab "G" :   |b (hingga 1hb Jun 2001)   |c disusun oleh Lembaga Penyelidikan Undang-Undang 
260 0 0 |a Kuala Lumpur :   |b International Law Book Services ,   |c 2001 
300 |a 219 p. ;   |c 24 cm. 
440 0 0 |a Undang-undang Malaysia 
650 0 0 |a Administrative agencies   |z Malaysia   |x Rules and practice 
650 0 0 |a Administrative procedure   |z Malaysia 
650 0 0 |a Civil service   |z Malaysia   |x Ethics 
998 |a JPSM 
999 |a 0000003083   |b Monograph   |c Open Shelf   |e Default branch 
999 |a 0000003084   |b Monograph   |c Reference   |e Default branch